| 000 | 00387nam a2200181Ia 4500 | ||
|---|---|---|---|
| 003 | 0STCL | ||
| 008 | 150530s9999 xx 000 0 und d | ||
| 040 |
_aSTCL _cSTCL |
||
| 100 | _aGogol, N. | ||
| 245 | _aTaras Bulba | ||
| 250 | _a1 | ||
| 260 |
_bPrabhatham; Kozhikode _c1959 |
||
| 300 | _a0 | ||
| 546 | _aMalayalam | ||
| 942 |
_2ddc _cBK |
||
| 999 |
_c75964 _d75964 |
||
| 005 | 20220125171618.0 | ||